Instrumentation Devices and Systems (Record no. 4777)

MARC details
000 -LEADER
fixed length control field 00420nam a2200169Ia 4500
008 - FIXED-LENGTH DATA ELEMENTS--GENERAL INFORMATION
fixed length control field 221030s9999 xx 000 0 und d
020 ## - INTERNATIONAL STANDARD BOOK NUMBER
ISBN 0074633503
041 ## - LANGUAGE CODE
Language code of text/sound track or separate title
082 ## - DEWEY DECIMAL CLASSIFICATION NUMBER
Classification number 105.23
Item number Ran
100 ## - MAIN ENTRY--AUTHOR NAME
Personal name C. S. Rangan
245 #0 - TITLE STATEMENT
Title Instrumentation Devices and Systems
Statement of responsibility, etc by C. S. Rangan, G. R. Sarma
260 ## - PUBLICATION, DISTRIBUTION, ETC. (IMPRINT)
Name of publisher TMH
Place of publication New Delhi
Year of publication 1998
300 ## - PHYSICAL DESCRIPTION
Number of Pages 549
650 ## - SUBJECT ADDED ENTRY--TOPICAL TERM
Topical Term ECE
700 ## - ADDED ENTRY--PERSONAL NAME
Personal name G. R. Sarma
942 ## - ADDED ENTRY ELEMENTS (KOHA)
Koha item type Books
Holdings
Accession Number Cost, normal purchase price Full call number Price effective from Koha item type Withdrawn / writtenoff status Materials specified (bound volume or other part) Damaged status Not for loan Permanent Location Current Location Shelving location Date acquired Lost/ Missing status department
BE 962 165.00 105.23 Ran 10/30/2022 Books   Print     MIET Library, Jammu MIET Library, Jammu BL-Academic Block- A, FL-1, CUP-13, SH-1, R-1 02/05/2000   BE